[Event "Saarland-ch Seniors 87th"]
[Site "Voelklingen"]
[Date "2012.04.01"]
[Round "3"]
[White "Schmitt, Josef"]
[Black "Bauer, Werner"]
[Result "0-1"]
[WhiteElo "1758"]
[BlackElo "1746"]
[PlyCount "98"]
[EventDate "2012.03.30"]
[EventType "swiss"]
[EventRounds "7"]
[EventCountry "GER"]
[SourceTitle "EXT 2013"]
[Source "ChessBase"]
[SourceDate "2012.11.22"]
[SourceVersion "1"]
[SourceVersionDate "2012.11.22"]
[SourceQuality "1"]

1. d4 d5 2. Nf3 Nf6 3. e3 e6 4. Bd3 Be7 5. Nbd2 0-0 6. 0-0 b6 7. Re1 c5 8. c3 Nbd7 9. Qe2 c4 10. Bc2 Bb7 11. e4 b5 12. e5 Ne8 13. Nf1 h6 14. h3 Nc7 15. N3h2 f5 16. f4 Qe8 17. Be3 a5 18. Nf3 Nb6 19. N1h2 g6 20. Kh1 Rf7 21. g4 Rg7 22. Rg1 Qf7 23. Rg2 Kh8 24. gxf5 exf5 25. Rag1 Ne6 26. Qf2 Rag8 27. Nh4 Nd7 28. N4f3 Ndf8 29. Qd2 Nh7 30. Qc1 Bc8 31. b3 Bb7 32. Qb1 Bc6 33. Nf1 b4 34. Qe1 g5 35. cxb4 axb4 36. fxg5 hxg5 37. Bc1 g4 38. hxg4 fxg4 39. Nh4 Nxd4 40. Bxh7 Bxh4 41. Qe3 Rxh7 42. Nh2 Nf5 43. Qc5 Qe6 44. Bf4 d4 45. bxc4 Bg3 46. Rf1 Rxh2+ 47. Kg1 Rxg2+ 48. Kh1 Rh2+ 49. Kg1 Rh1# 0-1

[Event "Saarland-ch Seniors"]
[Site "Schiffweiler"]
[Date "2009.04.10"]
[Round "8"]
[White "Schmitt, Josef"]
[Black "Mischke, Luis"]
[Result "1/2-1/2"]
[WhiteElo "1850"]
[BlackElo "2099"]
[PlyCount "92"]
[EventDate "2009.04.03"]
[EventType "swiss"]
[EventRounds "9"]
[EventCountry "GER"]
[SourceTitle "EXT 2012"]
[Source "ChessBase"]
[SourceDate "2011.11.24"]
[SourceVersion "1"]
[SourceVersionDate "2011.11.24"]
[SourceQuality "1"]

1. d4 f5 2. Nf3 Nf6 3. b3 e6 4. Ba3 Bxa3 5. Nxa3 0-0 6. e3 c5 7. Nc4 d6 8. dxc5 dxc5 9. Qxd8 Rxd8 10. Bd3 Nc6 11. a3 h6 12. Rd1 Bd7 13. Nce5 Nxe5 14. Nxe5 Be8 15. 0-0 Rd5 16. Nc4 Rad8 17. Be2 b5 18. Ne5 Rxd1 19. Rxd1 Rxd1+ 20. Bxd1 Nd7 21. Nc6 a6 22. Bf3 Kf7 23. g3 Kf6 24. Be2 Nb6 25. Na5 e5 26. g4 g6 27. gxf5 gxf5 28. Nb7 c4 29. f3 cxb3 30. cxb3 Bd7 31. Nc5 Bc8 32. e4 f4 33. a4 bxa4 34. bxa4 a5 35. Bb5 Be6 36. Nb7 Bb3 37. Nxa5 Bxa4 38. Nc4 Nxc4 39. Bxc4 Ke7 40. Kg2 Bd7 41. h4 Kd6 42. Bf7 Kc5 43. Bg6 Kd4 44. Kf2 Ba4 45. Bh5 Bc2 46. Bg6 Bd1 1/2-1/2

[Event "Saarland-ch Seniors 26th"]
[Site "Germany"]
[Date "2007.04.06"]
[Round "8"]
[White "Schmitt, Josef"]
[Black "Ewen, Ewald"]
[Result "1-0"]
[WhiteElo "1604"]
[BlackElo "1370"]
[PlyCount "80"]
[EventDate "2007.03.30"]
[EventType "swiss"]
[EventRounds "9"]
[EventCountry "GER"]
[SourceTitle "EXT 2008"]
[Source "ChessBase"]
[SourceDate "2007.11.25"]
[SourceVersion "1"]
[SourceVersionDate "2007.11.25"]
[SourceQuality "1"]

1. d4 d5 2. Nf3 Nf6 3. Bg5 e6 4. e3 Be7 5. Bd3 0-0 6. c3 Nbd7 7. Nbd2 c5 8. 0-0 cxd4 9. exd4 b6 10. Re1 Bb7 11. Nf1 Rc8 12. Rc1 a6 13. N3d2 h6 14. Bh4 Nh7 15. Bxe7 Qxe7 16. f4 Nhf6 17. Nf3 b5 18. a3 Rce8 19. Ng3 Qd8 20. Ne5 Nxe5 21. fxe5 Nd7 22. Qh5 Qg5 23. Qe2 Qd8 24. Rf1 f5 25. Nh5 Re7 26. g3 Qe8 27. Rf2 g5 28. g4 Ref7 29. gxf5 Qe7 30. f6 Qd8 31. Bg6 Qe8 32. Qg4 Bc8 33. Rg2 Kh8 34. Ng7 Qd8 35. Nxe6 Qe8 36. Qh3 Rh7 37. Bxe8 Rxe8 38. Ng7 Rd8 39. Qg3 Nb6 40. Re1 Rg8 1-0

[Event "Saarland-ch Seniors 26th"]
[Site "Germany"]
[Date "2007.04.02"]
[Round "4"]
[White "Backes, Robert"]
[Black "Schmitt, Josef"]
[Result "1-0"]
[WhiteElo "1526"]
[BlackElo "1604"]
[PlyCount "36"]
[EventDate "2007.03.30"]
[EventType "swiss"]
[EventRounds "9"]
[EventCountry "GER"]
[SourceTitle "EXT 2008"]
[Source "ChessBase"]
[SourceDate "2007.11.25"]
[SourceVersion "1"]
[SourceVersionDate "2007.11.25"]
[SourceQuality "1"]

1. e4 e5 2. Nf3 Nc6 3. d4 exd4 4. Nxd4 Nge7 5. Bg5 d6 6. Nc3 h6 7. Bh4 g5 8. Bg3 Bg7 9. Bb5 Bd7 10. Bxc6 Nxc6 11. Nde2 Be6 12. h3 Qd7 13. Rb1 0-0 14. 0-0 Bc4 15. Nd5 Rae8 16. f3 f5 17. b3 Bxd5 18. Qxd5+ Kh8 1-0

[Event "Saarland-ch Seniors 26th"]
[Site "Germany"]
[Date "2007.03.31"]
[Round "2"]
[White "Yazdkhasti, Parvis"]
[Black "Schmitt, Josef"]
[Result "1/2-1/2"]
[WhiteElo "1555"]
[BlackElo "1604"]
[PlyCount "157"]
[EventDate "2007.03.30"]
[EventType "swiss"]
[EventRounds "9"]
[EventCountry "GER"]
[SourceTitle "EXT 2008"]
[Source "ChessBase"]
[SourceDate "2007.11.25"]
[SourceVersion "1"]
[SourceVersionDate "2007.11.25"]
[SourceQuality "1"]

1. Nf3 d5 2. d4 Nf6 3. Bf4 e6 4. Nbd2 b6 5. e3 Bb7 6. Bd3 Nbd7 7. 0-0 Nh5 8. Be5 Nxe5 9. Nxe5 Nf6 10. Qf3 Bd6 11. Bb5+ Kf8 12. Bd3 c5 13. b3 Qc7 14. Qf4 cxd4 15. exd4 Qe7 16. g4 Nd7 17. Ndf3 Ke8 18. Bb5 Rd8 19. g5 a6 20. Bxd7+ Rxd7 21. Qh4 Rc7 22. c4 h6 23. Rac1 Qd8 24. Rfe1 Ba3 25. Rc2 Be7 26. Qh5 g6 27. Nxg6 Rg8 28. Nxe7 Qxe7 29. h4 dxc4 30. bxc4 Bxf3 31. Qxf3 hxg5 32. Qg4 Rg6 33. h5 Rh6 34. Re5 f5 35. Qe2 Qf7 36. d5 Qxh5 37. Rxe6+ Kd8 38. Qxh5 Rxh5 39. Rxb6 a5 40. Ra6 Rc5 41. Kg2 Rh4 42. Rc6 Rxc6 43. dxc6 Kc7 44. Kg3 Kxc6 45. c5 Rd4 46. a3 Rd3+ 47. Kg2 Rxa3 48. Re2 Rd3 49. Ra2 Kb5 50. Rc2 a4 51. c6 Rd8 52. c7 Rc8 53. Rb2+ Kc6 54. Rc2+ Kb7 55. Rc5 Ra8 56. Rc3 a3 57. c8Q+ Rxc8 58. Rxa3 Rc5 59. Rh3 Kc7 60. Rh6 Rc6 61. Rh5 Rg6 62. Kf3 Kd6 63. Ke3 Ke5 64. Rh8 Re6 65. Rf8 Kd5+ 66. Kf3 Re5 67. Rf6 Kd4 68. Rd6+ Rd5 69. Rg6 Ke5 70. Rxg5 Rd3+ 71. Ke2 Ra3 72. Rh5 Ke4 73. Kf1 f4 74. Kg2 Ra6 75. Rg5 Rf6 76. Rg4 Rd6 77. Rg7 Re6 78. Rg4 Re5 79. Rg7 1/2-1/2

[Event "Saarland-ch Seniors 25th "]
[Site "Wadg/Hostenbach"]
[Date "2006.04.14"]
[Round "8"]
[White "Schampel, Arno"]
[Black "Schmitt, Josef"]
[Result "1-0"]
[WhiteElo "1758"]
[BlackElo "1587"]
[PlyCount "105"]
[EventDate "2006.04.07"]
[EventType "swiss"]
[EventRounds "9"]
[EventCountry "GER"]
[SourceTitle "EXT 2007"]
[Source "ChessBase"]
[SourceDate "2006.11.23"]
[SourceVersion "1"]
[SourceVersionDate "2006.11.23"]
[SourceQuality "1"]

1. d4 d5 2. Nf3 Nf6 3. c4 e6 4. Bg5 Be7 5. e3 0-0 6. Nc3 c6 7. Bd3 Nbd7 8. 0-0 b6 9. h3 Bb7 10. cxd5 Nxd5 11. Bxe7 Nxe7 12. Rc1 Nf6 13. Qc2 g6 14. Rfd1 Nfd5 15. e4 Nb4 16. Qe2 Nxd3 17. Qxd3 Qd6 18. a3 Qf4 19. Ne2 Qf6 20. Ne5 Rfd8 21. Qg3 Qg7 22. Nc4 Ba6 23. b3 Rd7 24. Rd2 Bxc4 25. bxc4 Rad8 26. Rcd1 c5 27. d5 e5 28. Nc3 Nc6 29. Nb5 a6 30. Nc3 Nd4 31. Na4 Rb7 32. Kh1 f6 33. Rb2 Rdb8 34. Rdb1 Qc7 35. Nc3 Qd6 36. a4 a5 37. h4 Kh8 38. Nd1 Qd7 39. Nc3 Qd6 40. Qg4 f5 41. exf5 gxf5 42. Qh3 h5 43. Qe3 Qf6 44. g3 e4 45. Ne2 Nf3 46. Qc3 Nd4 47. Nf4 Kh7 48. Ne6 f4 49. Nxc5 fxg3 50. fxg3 Rf7 51. Nxe4 Qf3+ 52. Qxf3 Rxf3 53. Ng5+ 1-0

[Event "Saarland-ch Seniors 25th "]
[Site "Wadg/Hostenbach"]
[Date "2006.04.11"]
[Round "5"]
[White "Schmitt, Josef"]
[Black "Backes, Robert"]
[Result "1-0"]
[WhiteElo "1587"]
[BlackElo "1526"]
[PlyCount "110"]
[EventDate "2006.04.07"]
[EventType "swiss"]
[EventRounds "9"]
[EventCountry "GER"]
[SourceTitle "EXT 2007"]
[Source "ChessBase"]
[SourceDate "2006.11.23"]
[SourceVersion "1"]
[SourceVersionDate "2006.11.23"]
[SourceQuality "1"]

1. d4 Nf6 2. Nf3 d5 3. Bg5 e6 4. e3 Nbd7 5. Bd3 c6 6. c3 Be7 7. Nbd2 c5 8. b3 b6 9. 0-0 Bb7 10. Re1 0-0 11. Rc1 Rc8 12. Qe2 Qc7 13. c4 Rfe8 14. cxd5 exd5 15. Nf1 Ne4 16. Bxe7 Rxe7 17. Ng3 g6 18. Nd2 f5 19. Nf3 Qd6 20. Bb5 Ndf6 21. Ne5 Rec7 22. Qb2 a6 23. Be2 b5 24. Nxe4 Nxe4 25. f3 Ng5 26. Qd2 Nf7 27. f4 Qe7 28. Nf3 Nd6 29. Bd3 Nf7 30. dxc5 Rxc5 31. Rxc5 Qxc5 32. Nd4 Qc3 33. Qd1 Nd8 34. Ne2 Qc5 35. Qd2 Qd6 36. Qb2 Nc6 37. a3 Re8 38. Kf2 Kf7 39. b4 Qe7 40. Nd4 Qf6 41. Rc1 Qh4+ 42. Kg1 Qf6 43. Qf2 Rc8 44. Rc5 Ne7 45. Qc2 Qd6 46. Rxc8 Bxc8 47. Nf3 Qb6 48. Kf2 Qd6 49. Qc3 Kg8 50. Bb1 Bb7 51. Ba2 h6 52. Qd4 Kh7 53. h3 Bc8 54. Ne5 Be6 55. g4 Nc6 1-0

[Event "Bad Ems Seniors op 3rd"]
[Site "Bad Ems"]
[Date "2006.03.06"]
[Round "4"]
[White "Dolgopolyj, Vladimir"]
[Black "Schmitt, Josef"]
[Result "1-0"]
[WhiteElo "1798"]
[BlackElo "1623"]
[PlyCount "97"]
[EventDate "2006.03.04"]
[EventType "swiss"]
[EventRounds "9"]
[EventCountry "GER"]
[SourceTitle "EXT 2007"]
[Source "ChessBase"]
[SourceDate "2006.11.23"]
[SourceVersion "1"]
[SourceVersionDate "2006.11.23"]
[SourceQuality "1"]

1. e4 e5 2. Nf3 Nc6 3. d4 exd4 4. Bc4 Be7 5. c3 d6 6. cxd4 Nf6 7. Nc3 0-0 8. h3 b6 9. Bf4 a5 10. d5 Nb8 11. Nd4 Bd7 12. 0-0 Re8 13. Qf3 Bf8 14. Rfe1 g6 15. Bg5 Bg7 16. Qf4 Qe7 17. Rad1 c6 18. dxc6 Bxc6 19. Nxc6 Nxc6 20. Rxd6 Ne5 21. Rxf6 Nxc4 22. Nd5 Qe5 23. b3 Qxf4 24. Bxf4 Nb2 25. Rxb6 Nd3 26. Re2 Nxf4 27. Nxf4 Rec8 28. e5 Rc1+ 29. Kh2 a4 30. Nd5 Bf8 31. Kg3 a3 32. Kf3 Rac8 33. Ne3 Bc5 34. Ra6 Bb4 35. Nc4 Rd8 36. Nxa3 Rd3+ 37. Re3 Rd2 38. Nc4 Rdc2 39. Re2 Rc3+ 40. Ke4 Bc5 41. Rc6 Ba7 42. Rc7 Bb6 43. Rb7 Bc5 44. Kd5 Bf8 45. Rb8 Kg7 46. Rb7 Rd1+ 47. Kc6 Rg1 48. g3 h5 49. e6 1-0

[Event "Bad Woerishofen Seniors op 19th"]
[Site "Bad Woerishofen"]
[Date "2003.03.21"]
[Round "9"]
[White "Schmitt, Josef"]
[Black "Seitz, Heinz"]
[Result "1-0"]
[WhiteElo "1650"]
[BlackElo "1515"]
[PlyCount "109"]
[EventDate "2003.03.13"]
[EventType "swiss"]
[EventRounds "9"]
[EventCountry "GER"]
[SourceTitle "EXT 2004"]
[Source "ChessBase"]
[SourceDate "2003.11.25"]
[SourceVersion "1"]
[SourceVersionDate "2003.11.25"]
[SourceQuality "1"]

1. d4 d5 2. Nf3 g6 3. c3 a6 4. e3 Nf6 5. h3 Nc6 6. Bd3 Bd7 7. Nbd2 Bg7 8. e4 dxe4 9. Nxe4 Nxe4 10. Bxe4 Rb8 11. Be3 f5 12. Bc2 0-0 13. Qd2 Na5 14. b3 b6 15. Bd3 Ra8 16. Rd1 Bc6 17. Be2 Be4 18. 0-0 Qd5 19. c4 Qb7 20. d5 Rad8 21. Nd4 Bxd4 22. Bxd4 f4 23. f3 Bf5 24. Qb2 Qc8 25. Kh2 e6 26. dxe6 Bxe6 27. Rd2 Nc6 28. Bc3 Rf7 29. Rfd1 a5 30. Rxd8+ Nxd8 31. c5 Nc6 32. cxb6 cxb6 33. Bb5 Rf5 34. Bxc6 Qxc6 35. Rd8+ Kf7 36. Bh8 Ke7 37. Rd2 Rf8 38. Bg7 Rf7 39. Bh6 Rf5 40. Qg7+ Bf7 41. Qf8+ Ke6 42. Re2+ Re5 43. Rxe5+ Kxe5 44. Qxf7 Qf6 45. Qxf6+ Kxf6 46. Bxf4 Ke6 47. Bc7 b5 48. Bxa5 Kd5 49. Bb6 Kc6 50. Ba7 Kb7 51. Bc5 Kc6 52. b4 Kd5 53. Kg3 Ke5 54. Kf2 h5 55. Ke3 1-0

[Event "Bad Woerishofen Seniors op 19th"]
[Site "Bad Woerishofen"]
[Date "2003.03.17"]
[Round "5"]
[White "Schmitt, Josef"]
[Black "Drewitz, Friedel"]
[Result "0-1"]
[WhiteElo "1650"]
[BlackElo "1820"]
[PlyCount "100"]
[EventDate "2003.03.13"]
[EventType "swiss"]
[EventRounds "9"]
[EventCountry "GER"]
[SourceTitle "EXT 2004"]
[Source "ChessBase"]
[SourceDate "2003.11.25"]
[SourceVersion "1"]
[SourceVersionDate "2003.11.25"]
[SourceQuality "1"]

1. d4 d5 2. Nf3 e6 3. c4 c6 4. Nc3 f5 5. cxd5 exd5 6. Bg5 Nf6 7. e3 Be7 8. Bd3 Ne4 9. Bxe7 Qxe7 10. Ne5 0-0 11. 0-0 Nd7 12. Nxd7 Bxd7 13. Ne2 Rf6 14. Bxe4 fxe4 15. Ng3 Raf8 16. Rc1 Qd6 17. Rc2 g6 18. Rd2 h5 19. Qb3 Be6 20. Rc1 h4 21. Ne2 Rxf2 22. Rcd1 R2f7 23. Re1 g5 24. Kh1 Rf1+ 25. Rxf1 Rxf1+ 26. Ng1 Qc7 27. Qc2 Qf7 28. b4 h3 29. a4 Bg4 30. b5 Bf3 31. bxc6 bxc6 32. Qb2 hxg2+ 33. Rxg2 Bxg2+ 34. Kxg2 Rf6 35. a5 Qc7 36. Qb4 Kg7 37. a6 Rf8 38. Nh3 Rh8 39. Qe1 Kg6 40. Qe2 Rh4 41. Qf2 Rh7 42. Qf8 Qf7 43. Qd6+ Qf6 44. Qb8 Qf3+ 45. Kg1 Qxe3+ 46. Nf2 Qxd4 47. Qg8+ Rg7 48. Qe8+ Rf7 49. Qxc6+ Qf6 50. Qc2 Qxf2+ 0-1

[Event "Bad Woerishofen Seniors op 19th"]
[Site "Bad Woerishofen"]
[Date "2003.03.15"]
[Round "3"]
[White "Schmitt, Josef"]
[Black "Taschner, Peter"]
[Result "1/2-1/2"]
[WhiteElo "1650"]
[BlackElo "2008"]
[PlyCount "26"]
[EventDate "2003.03.13"]
[EventType "swiss"]
[EventRounds "9"]
[EventCountry "GER"]
[SourceTitle "EXT 2004"]
[Source "ChessBase"]
[SourceDate "2003.11.25"]
[SourceVersion "1"]
[SourceVersionDate "2003.11.25"]
[SourceQuality "1"]

1. d4 Nf6 2. Nf3 e6 3. Bg5 c5 4. Bxf6 Qxf6 5. e3 Nc6 6. c3 cxd4 7. exd4 d5 8. Bd3 Bd6 9. Nbd2 Bd7 10. Qe2 Rc8 11. 0-0 0-0 12. Rfe1 Qh6 13. Nf1 g6 1/2-1/2